000 00483nam a22001817a 4500
999 _c6197
_d6195
005 20210826124559.0
008 200517b xxu||||| |||| 00| 0 eng d
020 _a9788123906928
041 _aeng
082 _a615.3 SIN
100 _aSINGH ,G.K
_95366
245 _a"TEXTBOOK OF PHARMALOGONSY (AS PER EDUCATION 1991)"
_bG.K SINGH
250 _a1'st
260 _aNew Delhi
_bCBS Publishers and Distributors
_c2018
300 _a230, x
650 _aPharmacy
_96732
942 _cBK